[Event "Junior Online 4NCL Division 5"]
[Site "online"]
[Date "2020.04.16"]
[Round "1.253"]
[White "Meredith, George"]
[Black "Baron, Alexander"]
[Result "0-1"]
[WhiteElo "1082"]
[BlackElo "216"]
[PlyCount "184"]
[EventDate "2020.04.16"]
[WhiteTeam "Manchester Juniors B"]
[BlackTeam "Dundee"]

1. e4 e5 2. Nf3 Nc6 3. Nc3 Nf6 4. d3 Bb4 5. Be2 d6 6. O-O Bxc3 7. bxc3 Bg4 8.
h3 Bh5 9. Ng5 Bxe2 10. Qxe2 d5 11. c4 dxe4 12. Nxe4 Nxe4 13. Qxe4 Qe7 14. Bb2
f6 15. d4 O-O-O 16. dxe5 fxe5 17. Qe3 Nb4 18. Qxe5 Qxe5 19. Bxe5 Rhg8 20. c3
Nd3 21. Bd4 Nf4 22. Bxa7 Ne2+ 23. Kh2 Nxc3 24. Rfe1 Rgf8 25. a3 Rf4 26. c5 Nb5
27. g3 Rxf2+ 28. Kg1 Rfd2 29. c6 Nxa7 30. Rab1 bxc6 31. h4 R8d3 32. a4 Rxg3+
33. Kf1 c5 34. Red1 Rxd1+ 35. Rxd1 Rf3+ 36. Ke2 Rf8 37. Rc1 Re8+ 38. Kf3 Re5
39. a5 Kd7 40. a6 Kc6 41. Kf4 Rd5 42. Kg4 Kb5 43. h5 g6 44. hxg6 hxg6 45. Ra1
g5 46. Ra2 c4 47. Ra3 Rc5 48. Kh5 c3 49. Ra2 c2 50. Rxc2 Rxc2 51. Kxg5 Nc6 52.
Kf6 Kxa6 53. Kf5 Nd4+ 54. Ke5 Nb3 55. Kd5 c6+ 56. Kd6 c5 57. Kc6 c4 58. Kd5
Rd2+ 59. Kxc4 Na5+ 60. Kc3 Rd8 61. Kb4 Rc8 62. Ka4 Rb8 63. Ka3 Nc4+ 64. Ka4
Nb2+ 65. Ka3 Ka5 66. Ka2 Ka4 67. Kb1 Nd3+ 68. Kc2 Nb2 69. Kc3 Ka5 70. Kd4 Rc8
71. Kd5 Na4 72. Kd4 Kb4 73. Kd5 Kb5 74. Kd4 Nb2 75. Kd5 Rd8+ 76. Ke4 Kc4 77.
Ke5 Kc5 78. Ke4 Nd1 79. Ke5 Re8+ 80. Kf6 Kd6 81. Kf5 Kd5 82. Kf6 Nf2 83. Kf5
Rf8+ 84. Kg6 Ke5 85. Kg7 Rf3 86. Kg6 Rf4 87. Kg5 Rg4+ 88. Kh6 Kf5 89. Kh5 Ne4
90. Kh6 Ng3 91. Kh7 Kf6 92. Kh6 Rh4# 0-1

[Event "Junior Online 4NCL Division 5"]
[Site "online"]
[Date "2020.04.16"]
[Round "1.254"]
[White "Liu, Haoqi"]
[Black "Casserly, Darcy"]
[Result "0-1"]
[WhiteElo "200"]
[BlackElo "1075"]
[PlyCount "40"]
[EventDate "2020.04.16"]
[WhiteTeam "Dundee"]
[BlackTeam "Manchester Juniors B"]

1. e4 e5 2. Nf3 Nc6 3. Nc3 Bc5 4. Bc4 Nf6 5. O-O O-O 6. d3 d6 7. Bg5 Be6 8. a3
a5 9. Bxe6 fxe6 10. Bxf6 Rxf6 11. Ng5 Rg6 12. Qg4 h6 13. Rae1 Rxg5 14. Qxe6+
Kh8 15. b4 axb4 16. axb4 Bxb4 17. Nd5 Bxe1 18. Rxe1 Rh5 19. Re3 Ra1+ 20. Re1
Rxe1# 0-1

[Event "Junior Online 4NCL Division 5"]
[Site "online"]
[Date "2020.04.16"]
[Round "1.1"]
[White "Baron, Alexander"]
[Black "Meredith, George"]
[Result "1-0"]
[WhiteElo "216"]
[BlackElo "1082"]
[PlyCount "75"]
[EventDate "2020.04.16"]
[WhiteTeam "Dundee"]
[BlackTeam "Manchester Juniors B"]

1. e4 e5 2. Nf3 Nc6 3. Bc4 Nf6 4. Ng5 d5 5. exd5 Bb4 6. dxc6 O-O 7. cxb7 Bxb7
8. Bxf7+ Kh8 9. Bc4 Bxg2 10. Rg1 Bh3 11. Nf7+ Rxf7 12. Bxf7 Qd4 13. Qf3 Bxd2+
14. Bxd2 Qxb2 15. Bc3 Qc1+ 16. Qd1 Qxd1+ 17. Kxd1 Bg4+ 18. Kc1 Rf8 19. Bc4 Re8
20. Na3 Be6 21. Bxe6 Rxe6 22. Kb2 Ne4 23. Rad1 h6 24. Rge1 Nxc3 25. Kxc3 Rc6+
26. Nc4 Re6 27. Nxe5 Re8 28. Nf7+ Kg8 29. Rxe8+ Kxf7 30. Rde1 Kg6 31. Rf1 Kh7
32. f4 h5 33. f5 Kh6 34. f6 g6 35. f7 h4 36. f8=Q+ Kg5 37. Rg1+ Kh5 38. Qh8#
1-0

[Event "Junior Online 4NCL Division 5"]
[Site "online"]
[Date "2020.04.16"]
[Round "1.2"]
[White "Casserly, Darcy"]
[Black "Liu, Haoqi"]
[Result "1-0"]
[WhiteElo "1075"]
[BlackElo "200"]
[PlyCount "29"]
[EventDate "2020.04.16"]
[WhiteTeam "Manchester Juniors B"]
[BlackTeam "Dundee"]

1. e4 e5 2. Nf3 Nc6 3. Bc4 Bc5 4. O-O Nf6 5. d3 O-O 6. Bg5 d6 7. h3 Nd4 8. Nc3
Nxf3+ 9. Qxf3 a5 10. Qg3 Ra6 11. Bh6 Nh5 12. d4 Bxd4 13. Be2 Rc6 14. Bxh5 Bxc3
15. Qxg7# 1-0

[Event "Junior Online 4NCL Division 5"]
[Site "online"]
[Date "2020.04.16"]
[Round "1.5"]
[White "Pearn, Alex"]
[Black "Jardzioch, Ernest"]
[Result "0-1"]
[WhiteElo "593"]
[BlackElo "1090"]
[PlyCount "182"]
[EventDate "2020.04.16"]
[WhiteTeam "PSE Tigers"]
[BlackTeam "St Albans Early Knights 4"]

1. d4 d5 2. Nc3 Nf6 3. Bg5 c5 4. dxc5 d4 5. Nb5 Nc6 6. c3 dxc3 7. Qxd8+ Nxd8 8.
bxc3 Bf5 9. Bf4 Nd5 10. c4 Nxf4 11. Nc7+ Kd7 12. Nxa8 e5 13. Nf3 Ke6 14. Nh4
Bxc5 15. Nxf5 Kxf5 16. e3 Nfe6 17. Bd3+ e4 18. Bc2 Bb4+ 19. Ke2 Nc6 20. a3 Bc3
21. Rad1 Rxa8 22. Rd5+ Be5 23. f3 Rd8 24. fxe4+ Kf6 25. Rf1+ Ke7 26. Rb5 Bxh2
27. Rxb7+ Rd7 28. Rb5 a6 29. Rb6 Na5 30. Ba4 Rd6 31. Rb7+ Kd8 32. Rb8+ Kc7 33.
Rbb1 Nxc4 34. Rbc1 Rd2+ 35. Ke1 Bg3+ 36. Rf2 Bxf2+ 37. Kf1 Bxe3 38. Rxc4+ Kd6
39. Rc6+ Ke5 40. Rxa6 Nf4 41. Ra5+ Kxe4 42. Ke1 Nxg2+ 43. Kf1 Rf2+ 44. Kg1 Re2+
45. Kf1 Rf2+ 46. Kg1 Kf3 47. Bc6+ Ke2 48. Bxg2 Rf5+ 49. Kh1 Rxa5 50. a4 Rh5+
51. Bh3 Rxh3+ 52. Kg2 Rf3 53. a5 Rf2+ 54. Kg3 Rf3+ 55. Kg2 f5 56. a6 g5 57. a7
Bxa7 58. Kh2 Rf2+ 59. Kg3 Rf1 60. Kh3 Rg1 61. Kh2 Kf2 62. Kh3 h5 63. Kh2 Bb8+
64. Kh3 g4+ 65. Kh4 Bg3+ 66. Kxh5 Rh1+ 67. Kg5 Be5 68. Kxf5 Ke3 69. Kxe5 Kf3
70. Kf5 Ke3 71. Kxg4 Rf1 72. Kg3 Ke2 73. Kg2 Rf8 74. Kg3 Rf7 75. Kg4 Ke3 76.
Kg5 Ke4 77. Kg6 Rf1 78. Kg5 Rf2 79. Kg6 Ke5 80. Kg7 Ke6 81. Kg8 Ke7 82. Kg7
Rg2+ 83. Kh6 Kf7 84. Kh5 Kf6 85. Kh4 Kf5 86. Kh3 Rg8 87. Kh4 Rg7 88. Kh3 Kf4
89. Kh2 Kf3 90. Kh1 Kf2 91. Kh2 Rh7# 0-1

[Event "Junior Online 4NCL Division 5"]
[Site "online"]
[Date "2020.04.16"]
[Round "1.6"]
[White "Booy, Robbie"]
[Black "Withnall, Harry"]
[Result "1-0"]
[WhiteElo "1075"]
[BlackElo "597"]
[PlyCount "71"]
[EventDate "2020.04.16"]
[WhiteTeam "St Albans Early Knights 4"]
[BlackTeam "PSE Tigers"]

1. e4 e5 2. Nc3 Nf6 3. d3 Nc6 4. Be3 d5 5. exd5 Nxd5 6. Nxd5 Qxd5 7. d4 exd4 8.
Bxd4 Qxd4 9. Qxd4 Nxd4 10. O-O-O Bb4 11. c3 Bxc3 12. bxc3 Nb5 13. Bxb5+ c6 14.
Bc4 O-O 15. Nf3 Bg4 16. h3 Bh5 17. g4 Bg6 18. Ne5 Be4 19. Rhe1 Bf3 20. Rd3 Be4
21. Rxe4 c5 22. Nd7 Rfd8 23. Bb5 Rdc8 24. Rd6 a6 25. Nb6 axb5 26. Nxa8 Rxa8 27.
Rd7 h6 28. Ree7 b4 29. cxb4 cxb4 30. Rxf7 Rf8 31. Rxg7+ Kh8 32. h4 b5 33. Kb2
h5 34. gxh5 b3 35. h6 Rg8 36. Rh7# 1-0

[Event "Junior Online 4NCL Division 5"]
[Site "online"]
[Date "2020.04.16"]
[Round "1.7"]
[White "Howell, Lloyd"]
[Black "Saporenkova, Rita"]
[Result "0-1"]
[WhiteElo "426"]
[BlackElo "1000"]
[PlyCount "34"]
[EventDate "2020.04.16"]
[WhiteTeam "PSE Tigers"]
[BlackTeam "St Albans Early Knights 4"]

1. e4 e5 2. Bc4 Bc5 3. Qf3 Nh6 4. d3 Nc6 5. Bxh6 Qf6 6. Qh5 Qxf2+ 7. Kd1 Qf6 8.
Bg5 Qg6 9. Qg4 d6 10. d4 Bxg4+ 11. Ke1 Qxg5 12. Ne2 Bxe2 13. Bxe2 Nxd4 14. Bb5+
c6 15. Ba4 Qe3+ 16. Kf1 Qe2+ 17. Kg1 Qe1# 0-1

[Event "Junior Online 4NCL Division 5"]
[Site "online"]
[Date "2020.04.16"]
[Round "1.8"]
[White "Owladi, Maya"]
[Black "Hingston, Harry"]
[Result "1-0"]
[WhiteElo "842"]
[BlackElo "453"]
[PlyCount "31"]
[EventDate "2020.04.16"]
[WhiteTeam "St Albans Early Knights 4"]
[BlackTeam "PSE Tigers"]

1. e4 e5 2. Nf3 Bb4 3. Bb5 c6 4. Bc4 Nf6 5. c3 Bf8 6. O-O Nxe4 7. Nxe5 Bc5 8.
d3 Nxf2 9. Qh5 O-O 10. Qf3 Re8 11. d4 Bb6 12. Qxf2 d6 13. Nxf7 Qe7 14. Qg3 d5
15. Bh6 dxc4 16. Qxg7# 1-0

[Event "Junior Online 4NCL Division 5"]
[Site "online"]
[Date "2020.04.16"]
[Round "1.9"]
[White "Jardzioch, Ernest"]
[Black "Pearn, Alex"]
[Result "1-0"]
[WhiteElo "1090"]
[BlackElo "593"]
[PlyCount "51"]
[EventDate "2020.04.16"]
[WhiteTeam "St Albans Early Knights 4"]
[BlackTeam "PSE Tigers"]

1. e4 e5 2. f4 exf4 3. Nf3 Nc6 4. Bc4 Nf6 5. d3 Bb4+ 6. c3 Bc5 7. Bxf4 Ng4 8.
d4 Nxd4 9. cxd4 Bxd4 10. Qxd4 O-O 11. O-O d6 12. Bg5 Qe8 13. Nc3 c5 14. Qxd6
Ne3 15. Bxe3 Bg4 16. h3 Bxf3 17. Rxf3 Qd8 18. Qxd8 Raxd8 19. Bg5 Rd7 20. Rg3
Rd4 21. Bd5 h6 22. Bxh6 b5 23. Nxb5 Rb4 24. Rxg7+ Kh8 25. Nd6 Rg8 26. Nxf7# 1-0

[Event "Junior Online 4NCL Division 5"]
[Site "online"]
[Date "2020.04.16"]
[Round "1.10"]
[White "Withnall, Harry"]
[Black "Booy, Robbie"]
[Result "1/2-1/2"]
[WhiteElo "597"]
[BlackElo "1075"]
[PlyCount "111"]
[EventDate "2020.04.16"]
[WhiteTeam "PSE Tigers"]
[BlackTeam "St Albans Early Knights 4"]

1. e4 e5 2. Nf3 Nc6 3. Nc3 Nf6 4. Bc4 d6 5. d4 exd4 6. Nxd4 Nxd4 7. Qxd4 c5 8.
Qd1 Nxe4 9. Nxe4 d5 10. Bxd5 Bf5 11. Ng3 Be6 12. Bxe6 Qxd1+ 13. Kxd1 fxe6 14.
Re1 Bd6 15. Ne4 Be5 16. Nd2 O-O 17. Rxe5 Rae8 18. Nf3 b5 19. Bf4 b4 20. c3 bxc3
21. bxc3 a5 22. Rb1 Rxf4 23. Rb5 Rff8 24. Rxa5 g5 25. Raxc5 g4 26. Ng5 g3 27.
hxg3 Rxf2 28. Nxe6 Rf6 29. Nc7 Rxe5 30. Rxe5 Rf1+ 31. Kd2 Rf2+ 32. Kd3 Rxg2 33.
Re2 Rxg3+ 34. Re3 Rg7 35. Ne6 Rd7+ 36. Kc4 h5 37. Nc5 Rh7 38. Rg3+ Kf7 39. Rh3
h4 40. Ne4 Ke6 41. Ng5+ Kf5 42. Nxh7 Kg4 43. Rd3 h3 44. Nf6+ Kh4 45. Rd1 h2 46.
Rh1 Kg3 47. Rxh2 Kxh2 48. a4 Kg3 49. a5 Kf4 50. a6 Ke5 51. Nd7+ Kd6 52. Nf6 Kc7
53. Kb5 Kc8 54. Kb6 Kb8 55. a7+ Ka8 56. Nd7 1/2-1/2

[Event "Junior Online 4NCL Division 5"]
[Site "online"]
[Date "2020.04.16"]
[Round "1.11"]
[White "Saporenkova, Rita"]
[Black "Howell, Lloyd"]
[Result "1-0"]
[WhiteElo "1000"]
[BlackElo "426"]
[PlyCount "39"]
[EventDate "2020.04.16"]
[WhiteTeam "St Albans Early Knights 4"]
[BlackTeam "PSE Tigers"]

1. e4 e5 2. Bc4 Bc5 3. Nf3 Nc6 4. O-O Nf6 5. Nc3 Ng4 6. d3 Nxf2 7. Rxf2 Bxf2+
8. Kxf2 O-O 9. a3 d6 10. b4 Bg4 11. h3 Bd7 12. Ne2 Qf6 13. Ng3 Rae8 14. Nh5 Qd8
15. Bd5 Nd4 16. Nxd4 c6 17. Nf5 cxd5 18. Qg4 Qg5 19. Qxg5 f6 20. Qxg7# 1-0

[Event "Junior Online 4NCL Division 5"]
[Site "online"]
[Date "2020.04.16"]
[Round "1.12"]
[White "Hingston, Harry"]
[Black "Owladi, Maya"]
[Result "1-0"]
[WhiteElo "453"]
[BlackElo "842"]
[PlyCount "87"]
[EventDate "2020.04.16"]
[WhiteTeam "PSE Tigers"]
[BlackTeam "St Albans Early Knights 4"]

1. e4 e5 2. Bb5 Nf6 3. d3 Bb4+ 4. c3 Bc5 5. Nf3 c6 6. Ba4 d6 7. d4 Bb6 8. dxe5
dxe5 9. Nxe5 Qe7 10. Nc4 Bc5 11. O-O Nxe4 12. Bc2 Bf5 13. Ne3 Be6 14. Bxe4 O-O
15. Nc2 Bd5 16. Bxd5 Bd6 17. Be4 Qxe4 18. f3 Qe5 19. f4 Qc5+ 20. Rf2 Qxf2+ 21.
Kxf2 Bc5+ 22. Ke1 Re8+ 23. Be3 Bxe3 24. Ke2 Bxf4+ 25. Kf1 Bxh2 26. Qh5 g6 27.
Qxh2 Na6 28. Nd2 Rad8 29. Qf4 Rd7 30. Rd1 Rd5 31. Ne4 Rxd1+ 32. Ke2 Rc1 33.
Qxc1 Rxe4+ 34. Ne3 Nc7 35. Qc2 Re5 36. c4 Ne6 37. Qc3 Nf4+ 38. Kf3 f6 39. Kxf4
g5+ 40. Kf3 f5 41. Qxe5 g4+ 42. Kg3 f4+ 43. Kxf4 g3 44. Kxg3 1-0

[Event "Junior Online 4NCL Division 5"]
[Site "online"]
[Date "2020.04.16"]
[Round "1.15"]
[White "Bredenoord, Conrad"]
[Black "Blythe, Harry"]
[Result "1-0"]
[WhiteElo "1142"]
[BlackElo "433"]
[PlyCount "49"]
[EventDate "2020.04.16"]
[WhiteTeam "Long Ditton St Mary's"]
[BlackTeam "PSE Jaguars"]

1. e4 Nf6 2. Nc3 Nc6 3. d4 e5 4. dxe5 Nxe5 5. f4 Nc6 6. Bc4 d5 7. Bxd5 Nxd5 8.
exd5 Ne7 9. Nf3 c6 10. dxc6 Nxc6 11. O-O Bd6 12. Re1+ Kf8 13. Ne4 Ne5 14. fxe5
Bxe5 15. Nxe5 Qe8 16. Nd6 Qd8 17. Qd5 Be6 18. Qc5 b6 19. Qb4 a5 20. Qa3 b5 21.
Ndxf7+ Kg8 22. Nxd8 Rxd8 23. Qe7 Ra8 24. Qxe6+ Kf8 25. Rf1# 1-0

[Event "Junior Online 4NCL Division 5"]
[Site "online"]
[Date "2020.04.16"]
[Round "1.16"]
[White "Thomas, Poppy"]
[Black "Sheftel, Sam"]
[Result "0-1"]
[WhiteElo "415"]
[BlackElo "1075"]
[PlyCount "22"]
[EventDate "2020.04.16"]
[WhiteTeam "PSE Jaguars"]
[BlackTeam "Long Ditton St Mary's"]

1. e4 e5 2. Nc3 Nc6 3. Nf3 Bc5 4. Bc4 a6 5. d4 exd4 6. Nd5 b5 7. Bb3 Nf6 8.
Nxf6+ Qxf6 9. e5 Nxe5 10. Nd2 d3 11. cxd3 Qxf2# 0-1

[Event "Junior Online 4NCL Division 5"]
[Site "online"]
[Date "2020.04.16"]
[Round "1.17"]
[White "Holben, Joseph"]
[Black "Jacques, Benji"]
[Result "1-0"]
[WhiteElo "1067"]
[BlackElo "346"]
[PlyCount "20"]
[EventDate "2020.04.16"]
[WhiteTeam "Long Ditton St Mary's"]
[BlackTeam "PSE Jaguars"]

1. e4 e5 2. Nf3 Nc6 3. Nc3 Qe7 4. d3 Nd4 5. Nxd4 exd4 6. Nd5 Qd6 7. Nxc7+ Qxc7
8. Qf3 Qxc2 9. Qh5 Bb4+ 10. Bd2 Qxd2# 1-0

[Event "Junior Online 4NCL Division 5"]
[Site "online"]
[Date "2020.04.16"]
[Round "1.18"]
[White "Gabriel, Thomas"]
[Black "Kan, Sam"]
[Result "0-1"]
[WhiteElo "407"]
[BlackElo "1000"]
[PlyCount "56"]
[EventDate "2020.04.16"]
[WhiteTeam "PSE Jaguars"]
[BlackTeam "Long Ditton St Mary's"]

1. e4 e5 2. Bb5 a6 3. Ba4 Qh4 4. g3 Qxe4+ 5. Ne2 Qxh1+ 6. Ng1 Qxg1+ 7. Ke2 Qxh2
8. Qf1 Nf6 9. Kf3 Nh5 10. Qg2 Qxg2+ 11. Kxg2 g6 12. d3 Bc5 13. Bh6 e4 14. Bf4
Nc6 15. Bxc7 O-O 16. Bd6 Bxd6 17. Bb3 Re8 18. Nd2 exd3 19. cxd3 Bc5 20. Rh1 Re7
21. Rh4 Re2 22. Rc4 b6 23. Ra4 Rxf2+ 24. Kh1 Rxd2 25. a3 d6 26. Bd5 Na5 27.
Bxa8 Nb7 28. Re4 Nxg3# 0-1

[Event "Junior Online 4NCL Division 5"]
[Site "online"]
[Date "2020.04.16"]
[Round "1.19"]
[White "Blythe, Harry"]
[Black "Bredenoord, Conrad"]
[Result "0-1"]
[WhiteElo "433"]
[BlackElo "1142"]
[PlyCount "44"]
[EventDate "2020.04.16"]
[WhiteTeam "PSE Jaguars"]
[BlackTeam "Long Ditton St Mary's"]

1. Nf3 Nf6 2. Nc3 e6 3. d4 Bb4 4. e4 Bxc3+ 5. Bd2 Bxd2+ 6. Kxd2 Nxe4+ 7. Ke1 d5
8. Qc1 c5 9. Ng5 Nxg5 10. dxc5 Ne4 11. f3 Nxc5 12. b4 Ncd7 13. c4 dxc4 14. Qxc4
Nb6 15. Qc1 Qd4 16. Qb1 Qc3+ 17. Ke2 Nd5 18. Kf2 Qe3+ 19. Kg3 h5 20. Kh4 g5+
21. Kh3 e5+ 22. Kg3 h4# 0-1

[Event "Junior Online 4NCL Division 5"]
[Site "online"]
[Date "2020.04.16"]
[Round "1.20"]
[White "Sheftel, Sam"]
[Black "Thomas, Poppy"]
[Result "1-0"]
[WhiteElo "1075"]
[BlackElo "415"]
[PlyCount "39"]
[EventDate "2020.04.16"]
[WhiteTeam "Long Ditton St Mary's"]
[BlackTeam "PSE Jaguars"]

1. e4 e5 2. Bc4 Bc5 3. Qh5 g6 4. Qxe5+ Kf8 5. Qxh8 Qh4 6. Nh3 d5 7. exd5 Bg4 8.
Qc3 c6 9. O-O Nd7 10. d4 cxd5 11. Bxd5 Re8 12. dxc5 Qh5 13. Nf4 Qh4 14. Nd3 Be2
15. Re1 b5 16. Bc6 Re7 17. Bxd7 Rxd7 18. Rxe2 Nh6 19. Bxh6+ Kg8 20. Qg7# 1-0

[Event "Junior Online 4NCL Division 5"]
[Site "online"]
[Date "2020.04.16"]
[Round "1.21"]
[White "Jacques, Benji"]
[Black "Holben, Joseph"]
[Result "0-1"]
[WhiteElo "346"]
[BlackElo "1067"]
[PlyCount "69"]
[EventDate "2020.04.16"]
[WhiteTeam "PSE Jaguars"]
[BlackTeam "Long Ditton St Mary's"]

1. d4 d5 2. Nc3 Nc6 3. Nf3 Nf6 4. e4 dxe4 5. Ng5 h6 6. Nh3 Nb4 7. Nf4 Nxa2 8.
Rxa2 g5 9. Nfe2 Be6 10. Ra4 Qd7 11. d5 Bf5 12. Rb4 Qd6 13. Rxb7 Qa6 14. Rxc7
Qb6 15. Rc6 Qa5 16. Bd2 Rb8 17. Qb1 h5 18. Nxe4 Bxe4 19. Bxa5 Nxd5 20. Qd1 e6
21. Bc7 Rxb2 22. Ra6 Rb7 23. Ba5 Rh6 24. Qa1 Rf6 25. Nc3 Bxc2 26. Nxd5 exd5 27.
Qxf6 Rb1+ 28. Ke2 Rb7 29. Qe5+ Be7 30. Qc3 Ba4 31. Qc8+ Bd8 32. Qxb7 g4 33.
Qxd5 h4 34. Rxa7 Bg5 35. Qxf7# 0-1

[Event "Junior Online 4NCL Division 5"]
[Site "online"]
[Date "2020.04.16"]
[Round "1.22"]
[White "Kan, Sam"]
[Black "Gabriel, Thomas"]
[Result "1-0"]
[WhiteElo "1000"]
[BlackElo "407"]
[PlyCount "91"]
[EventDate "2020.04.16"]
[WhiteTeam "Long Ditton St Mary's"]
[BlackTeam "PSE Jaguars"]

1. e4 Nc6 2. Bc4 a6 3. Qh5 g6 4. Qg5 b5 5. Bb3 Nh6 6. Nh3 f6 7. Qf4 e5 8. Qe3
Bd6 9. Qxh6 Rf8 10. Qxh7 Ne7 11. O-O Rg8 12. d3 Bc5 13. Bh6 d6 14. Nd2 Kd7 15.
c3 Rh8 16. Qg7 Qg8 17. Bxg8 Rxg8 18. Qh7 Bb7 19. Rae1 Raf8 20. Bxf8 Rxf8 21. d4
exd4 22. f3 Rg8 23. f4 Kc6 24. Qxe7 d5 25. f5 Bxe7 26. Rc1 dxc3 27. bxc3 Ba3
28. Rc2 Bc5+ 29. Kh1 Rh8 30. Nf3 dxe4 31. Nd4+ Kb6 32. Rb2 b4 33. Rd1 e3 34.
Re2 gxf5 35. cxb4 Bxd4 36. Rxd4 Bc6 37. Rxe3 a5 38. bxa5+ Kxa5 39. Rc3 Kb6 40.
Nf2 Ra8 41. Rd1 Rxa2 42. Rdc1 Rxf2 43. Rxc6+ Ka7 44. Rxc7+ Ka8 45. Rd1 f4 46.
Rd8# 1-0

[Event "Junior Online 4NCL Division 5"]
[Site "online"]
[Date "2020.04.16"]
[Round "1.25"]
[White "Pardeshi, Prachi"]
[Black "Kapoor, Devansh"]
[Result "1-0"]
[WhiteElo "519"]
[BlackElo "1067"]
[PlyCount "49"]
[EventDate "2020.04.16"]
[WhiteTeam "East Kilbride Bishops"]
[BlackTeam "Uxbridge Juniors B1"]

1. e4 e6 2. Nf3 d5 3. exd5 exd5 4. c3 Nf6 5. d4 Nc6 6. Bd3 g6 7. Bg5 Bg7 8. O-O
O-O 9. Ne5 Nxe5 10. dxe5 Ng4 11. Bxd8 Rxd8 12. h3 Nxe5 13. Re1 Re8 14. Re3 c5
15. b3 d4 16. cxd4 cxd4 17. Re4 Bf5 18. Rxd4 Nxd3 19. Rxd3 Rad8 20. Rxd8 Rxd8
21. Qxd8+ Bf8 22. Nc3 Kg7 23. Re1 Bb4 24. Qd4+ Kh6 25. Qxb4 1-0

[Event "Junior Online 4NCL Division 5"]
[Site "online"]
[Date "2020.04.16"]
[Round "1.26"]
[White "Chockalingam, Ramcharan"]
[Black "Roul, Karan"]
[Result "1/2-1/2"]
[WhiteElo "1045"]
[BlackElo "434"]
[PlyCount "109"]
[EventDate "2020.04.16"]
[WhiteTeam "Uxbridge Juniors B1"]
[BlackTeam "East Kilbride Bishops"]

1. e4 d5 2. d3 dxe4 3. Nc3 exd3 4. Qxd3 Qxd3 5. Bxd3 Nf6 6. Nf3 Nc6 7. Bf4 Bg4
8. O-O Bxf3 9. gxf3 e5 10. Bg5 Be7 11. Rfe1 Bd6 12. Bxf6 gxf6 13. Kh1 Rg8 14.
Rg1 O-O-O 15. Bxh7 Rh8 16. Bf5+ Kb8 17. Rg7 Rhf8 18. Rd1 Nb4 19. Nd5 Nxd5 20.
Rxd5 c6 21. Rd3 Kc7 22. Be6 Bc5 23. Rxd8 Rxd8 24. Rxf7+ Kb8 25. Rxf6 Bxf2 26.
Rf7 Rg8 27. Bg4 e4 28. Re7 exf3 29. Re4 b5 30. b3 a6 31. a4 Kb7 32. h3 Ba7 33.
Bxf3 Rg1+ 34. Kh2 Ra1 35. axb5 cxb5 36. b4 Ra2 37. h4 Rxc2+ 38. Kh3 Rc3 39.
Rf4+ Kb6 40. h5 a5 41. bxa5+ Kxa5 42. h6 Be3 43. Rf6 Bd4 44. Rf8 b4 45. h7 b3
46. h8=Q Bxh8 47. Rxh8 Rxf3+ 48. Kg2 Rc3 49. Rb8 Rc1 50. Rxb3 Rc2+ 51. Kf3 Ka4
52. Re3 Kb4 53. Ke4 Rc3 54. Kd4 Rxe3 55. Kxe3 1/2-1/2

[Event "Junior Online 4NCL Division 5"]
[Site "online"]
[Date "2020.04.16"]
[Round "1.27"]
[White "Roul, Tushar"]
[Black "Palampathi, Sanjit"]
[Result "1-0"]
[WhiteElo "398"]
[BlackElo "1022"]
[PlyCount "39"]
[EventDate "2020.04.16"]
[WhiteTeam "East Kilbride Bishops"]
[BlackTeam "Uxbridge Juniors B1"]

1. e4 e5 2. Nf3 Nc6 3. Nc3 f6 4. Bc4 Nge7 5. d4 d6 6. O-O f5 7. Ng5 Nxd4 8.
Bf7+ Kd7 9. Be6+ Nxe6 10. Nxe6 Kxe6 11. Nd5 fxe4 12. Nxe7 Qxe7 13. Qg4+ Kd5 14.
Rd1+ Kc6 15. Qxe4+ d5 16. Qxd5+ Kb6 17. Be3+ Ka6 18. a3 b6 19. Qxa8 Bg4 20. f3
1-0

[Event "Junior Online 4NCL Division 5"]
[Site "online"]
[Date "2020.04.16"]
[Round "1.28"]
[White "Mangalagiri, Pranav"]
[Black "Israni, Ishita"]
[Result "1-0"]
[WhiteElo "970"]
[BlackElo "306"]
[PlyCount "147"]
[EventDate "2020.04.16"]
[WhiteTeam "Uxbridge Juniors B1"]
[BlackTeam "East Kilbride Bishops"]

1. e4 e5 2. Nf3 Nc6 3. Bb5 Nf6 4. Nc3 d6 5. Bxc6+ bxc6 6. a3 Be7 7. h3 Rb8 8.
O-O h6 9. d3 O-O 10. Rb1 Be6 11. Be3 Ra8 12. d4 d5 13. exd5 cxd5 14. dxe5 Nd7
15. Bd4 Bc5 16. Bxc5 Nxc5 17. Re1 Rb8 18. Qd4 Nd7 19. Qxa7 Ra8 20. Qd4 Nb6 21.
Qd3 Nc4 22. Nb5 Rb8 23. Qb3 c6 24. a4 Qa5 25. Nfd4 Bd7 26. c3 cxb5 27. axb5
Bxb5 28. Nxb5 Rxb5 29. Qc2 Rc8 30. e6 Qc7 31. exf7+ Qxf7 32. b3 Nd6 33. c4 Rb7
34. Re5 Ne4 35. f3 Ng3 36. Kf2 Qf4 37. Rf5 Nxf5 38. Rd1 Qg3+ 39. Kg1 Re8 40.
cxd5 Re1+ 41. Rxe1 Qxe1+ 42. Kh2 Qg3+ 43. Kg1 Ra7 44. Qc8+ Kh7 45. Qxf5+ Kg8
46. Qc8+ Kf7 47. Qc1 Ke7 48. Qe3+ Kd6 49. Qxa7 Kxd5 50. b4 Kc4 51. Qa5 Kd3 52.
Qa6+ Ke3 53. Qa7+ Ke2 54. b5 Qe1+ 55. Kh2 Kf1 56. g4 Qf2+ 57. Qxf2+ Kxf2 58. b6
g5 59. b7 Kf1 60. b8=Q h5 61. Qg3 Ke2 62. Kg2 Ke3 63. Qf2+ Kf4 64. Qg3+ Ke3 65.
gxh5 g4 66. fxg4+ Ke4 67. g5 Kf5 68. g6 Kf6 69. g7 Kf7 70. g8=Q+ Ke7 71. Q3g7+
Kd6 72. Qd8+ Ke6 73. Qge7+ Kf5 74. Qdf8# 1-0

[Event "Junior Online 4NCL Division 5"]
[Site "online"]
[Date "2020.04.16"]
[Round "1.29"]
[White "Kapoor, Devansh"]
[Black "Pardeshi, Prachi"]
[Result "1-0"]
[WhiteElo "1067"]
[BlackElo "519"]
[PlyCount "49"]
[EventDate "2020.04.16"]
[WhiteTeam "Uxbridge Juniors B1"]
[BlackTeam "East Kilbride Bishops"]

1. e4 d5 2. exd5 Nf6 3. Nf3 Nxd5 4. d4 Nc6 5. c4 Ndb4 6. a3 Na6 7. d5 Ncb8 8.
Nc3 e6 9. Qc2 exd5 10. cxd5 Bc5 11. Bd3 Qe7+ 12. Kf1 g6 13. Bh6 Bf5 14. Bxf5
gxf5 15. Re1 Qxe1+ 16. Kxe1 Nd7 17. Qe2+ Be7 18. d6 cxd6 19. Bg7 Rg8 20. Nd5
Ne5 21. Bxe5 dxe5 22. Qxe5 O-O-O 23. Nxe7+ Kd7 24. Ke2 Rge8 25. Rd1# 1-0

[Event "Junior Online 4NCL Division 5"]
[Site "online"]
[Date "2020.04.16"]
[Round "1.30"]
[White "Roul, Karan"]
[Black "Chockalingam, Ramcharan"]
[Result "0-1"]
[WhiteElo "434"]
[BlackElo "1045"]
[PlyCount "71"]
[EventDate "2020.04.16"]
[WhiteTeam "East Kilbride Bishops"]
[BlackTeam "Uxbridge Juniors B1"]

1. e4 e5 2. Nf3 Nc6 3. Nc3 Nf6 4. d4 d6 5. Bg5 Be7 6. Bc4 O-O 7. Qe2 Bg4 8.
O-O-O h6 9. Bxf6 Bxf6 10. Bb5 a6 11. Bxc6 bxc6 12. dxe5 dxe5 13. Rxd8 Rfxd8 14.
h3 Bxf3 15. Qxf3 Bg5+ 16. Kb1 Rd2 17. Rd1 Rad8 18. Rxd2 Rxd2 19. a3 a5 20. Qf5
f6 21. Qe6+ Kh7 22. Qxc6 Be3 23. Qxc7 Rxf2 24. g4 Rf1+ 25. Ka2 Rh1 26. Nd5 Bd2
27. Nxf6+ Kg6 28. Qxe5 Rxh3 29. Qf5+ Kf7 30. Nh5+ Ke7 31. Nxg7 Bg5 32. Qe6+ Kf8
33. Nf5 h5 34. gxh5 Rxh5 35. Qe7+ Bxe7 36. Nd4 0-1

[Event "Junior Online 4NCL Division 5"]
[Site "online"]
[Date "2020.04.16"]
[Round "1.31"]
[White "Palampathi, Sanjit"]
[Black "Roul, Tushar"]
[Result "1-0"]
[WhiteElo "1022"]
[BlackElo "398"]
[PlyCount "41"]
[EventDate "2020.04.16"]
[WhiteTeam "Uxbridge Juniors B1"]
[BlackTeam "East Kilbride Bishops"]

1. e4 d5 2. Nc3 Nf6 3. d4 dxe4 4. Nge2 Nc6 5. f3 exf3 6. gxf3 Bf5 7. d5 Ne5 8.
Nd4 g6 9. d6 exd6 10. Nxf5 gxf5 11. f4 Nc6 12. Bh3 Qe7+ 13. Ne2 O-O-O 14. O-O
Rg8+ 15. Ng3 d5 16. Bxf5+ Kb8 17. Re1 Qc5+ 18. Kg2 Nb4 19. Be3 Qc6 20. Qd4 Nxc2
21. Qxa7# 1-0

[Event "Junior Online 4NCL Division 5"]
[Site "online"]
[Date "2020.04.16"]
[Round "1.32"]
[White "Israni, Ishita"]
[Black "Mangalagiri, Pranav"]
[Result "1-0"]
[WhiteElo "306"]
[BlackElo "970"]
[PlyCount "25"]
[EventDate "2020.04.16"]
[WhiteTeam "East Kilbride Bishops"]
[BlackTeam "Uxbridge Juniors B1"]

1. e4 d5 2. exd5 Qxd5 3. Nc3 Qc6 4. Bb5 Qxb5 5. Nxb5 Nc6 6. Qf3 Nf6 7. d4 Bg4
8. Qf4 Be6 9. Qxc7 Rd8 10. Qxb7 Rd7 11. Nc7+ Kd8 12. Qa8+ Nb8 13. Qxb8# 1-0